[Event "Top 12 FRA-chT 2017"]
[Site "Chartres"]
[Date "2017.05.26"]
[Round "9"]
[White "Malakhov, Vladimir"]
[Black "Sanikidze, Tornike"]
[Result "1-0"]
[WhiteElo "2712"]
[BlackElo "2518"]
[Annotator "TA"]
[PlyCount "67"]
[EventDate "2017.??.??"]
[EventType "team-tourn"]
[EventCountry "FRA"]
[SourceTitle "playchess.com"]
[Source "ChessBase"]
[SourceQuality "1"]
[WhiteTeam "Tremblay-En-France"]
[BlackTeam "Strasbourg"]

{[%evp 22,67,40,22,54,45,96,96,109,96,112,80,137,140,133,127,223,221,245,234,326,325,308,297,558,556,510,424,833,821,785,374,347,374,933,564,1228,1225,1123,1124,1054,1037,1037,989,29987,29988,29988,29989]} 1. e4 e5 2. Nf3 Nc6 3. Bc4 Nf6 4. d3 Be7 5. O-O O-O 6. Re1 d6 7. a4 Na5 8. Ba2 {C55: Two Knights: 4 d3, 4 d4 exd4 5 e5 and Max Lange Attack} c5 9. Na3 (9. Nbd2 Be6 10. Bxe6 fxe6 11. c3 Nc6 12. Nf1 Ne8 13. Ng3 Nc7 14. Bd2 a6 15. Qe2 Qd7 {1-0 (39) Carlsen,M (2840)-Pavasovic,D (2548) chess.com INT 2017}) 9... Be6 10. Bxe6 fxe6 11. c3 Nc6 12. Nc4 {LiveBook: 4 Games} Rb8 $146 ({Predecessor:} 12... Qd7 13. Bd2 Bd8 14. b4 cxb4 15. cxb4 Bc7 {1-0 (34) Areshchenko,A (2654)-Olszewski,M (2548) Poland 2016}) 13. Bd2 Ne8 (13... Nd7 $14) 14. b4 $1 $16 cxb4 15. cxb4 d5 16. exd5 Nxb4 (16... exd5 $142 17. Ncxe5 Bxb4) 17. dxe6 {aiming for Bxb4.} ({Don't play} 17. Nfxe5 $6 Qxd5 18. Bc3 Rc8 $14) 17... Nxd3 18. Re3 {Strongly threatening Ba5.} ({Stronger than} 18. Nfxe5 Nxe1 19. Bxe1 Qxd1 $17) 18... e4 (18... Rc8 $16 {keeps fighting.}) 19. Rxe4 $18 Qd5 {[#]} 20. Rd4 $1 {[%cal Rd4d5,Be4d4,Bd4d3,Bd3h3][%mdl 32]} Qxe6 {Black wants to play ...Bf6.} 21. Rxd3 Qxc4 {[#]} 22. Ne5 $1 {[%cal Re5c4]} Qa6 $2 (22... Qe6 {was necessary.}) 23. Qb3+ Kh8 24. Re1 Nf6 (24... Bc5 $142) 25. Rh3 {[%cal Re5g6]} Ng8 26. Nf7+ (26. Qb1 $142 {[%csl Gb1][%cal Rh3h7]} Nh6 27. Nd7) 26... Rxf7 27. Qxf7 Qxa4 $2 (27... Rf8 28. Qb3 h6) 28. Qg6 {[%csl Gg6][%cal Rh3h7]} h6 {[#]} 29. Bxh6 $1 {[%mdl 512]} Nxh6 (29... gxh6 30. Rxh6+) 30. Rxh6+ gxh6 31. Qxh6+ Kg8 32. Qe6+ Kf8 33. Qxe7+ Kg8 34. Qe6+ {Precision: White = 82%, Black =  7%.} 1-0

[Event "Top 12 FRA-chT 2017"]
[Site "Chartres"]
[Date "2017.05.26"]
[Round "9"]
[White "Naiditsch, Arkadij"]
[Black "Areshchenko, Alexander"]
[Result "1-0"]
[WhiteElo "2700"]
[BlackElo "2677"]
[Annotator "TA"]
[PlyCount "75"]
[EventDate "2017.??.??"]
[EventType "team-tourn"]
[EventCountry "FRA"]
[SourceTitle "playchess.com"]
[Source "ChessBase"]
[SourceQuality "1"]
[WhiteTeam "Bischwiller"]
[BlackTeam "Grasse Echecs"]

{[%evp 9,75,-16,52,52,56,39,47,51,53,53,50,47,50,50,54,34,40,44,45,39,37,42,34,42,26,31,45,39,57,44,84,75,72,83,73,82,79,87,89,67,84,66,76,72,40,46,79,0,41,41,49,0,34,24,25,35,38,36,409,369,5365,2288,29983,29984,29984,29985,29985,29986]} 1. d4 Nf6 2. Bf4 c5 3. d5 d6 4. Nc3 e5 (4... a6 5. a4 e5 6. dxe6 Bxe6 7. e4 Qb6 8. Nge2 Nc6 9. g3 Nd4 10. Bg2 Qxb2 {0-1 (43) Alekseev,E (2610)-Nepomniachtchi,I (2751) Sochi 2017}) 5. Bd2 g6 $146 (5... e4 $11) ({Predecessor:} 5... Be7 6. e4 O-O 7. a4 Ne8 8. Be2 Bg5 9. Nf3 Bxd2+ 10. Nxd2 f5 11. exf5 Bxf5 {1-0 (68) Martinovic,S (2560)-Tomazini,A (2365) Split 2016}) 6. e4 $14 {A45: Trompowsky Attack} Bg7 7. Be2 Na6 8. h4 {White is slightly better.} h5 9. Nf3 Nc7 10. Ng5 O-O 11. a4 Bd7 12. Nb5 Nxb5 13. axb5 a6 14. bxa6 bxa6 15. Ra5 Bh6 16. Qa1 ({Much weaker is} 16. Rxa6 Rxa6 17. Bxa6 Qb6 $15) 16... Qb6 17. f3 Ne8 18. Ra3 (18. Bxa6 $2 Nc7 $17) 18... Nc7 19. g4 f6 20. Ba5 Qa7 21. Bxc7 $1 Qxc7 22. Ne6 Bxe6 23. dxe6 a5 24. Bc4 Kh7 25. Rg1 Bf4 26. gxh5 gxh5 27. Ke2 Rg8 28. Rb3 (28. Bd5 $16 {e7 is the strong threat.} Rxg1 29. Qxg1) 28... Rxg1 29. Qxg1 Ra7 30. Qg2 (30. e7 $5 Qxe7 31. Qg8+ Kh6 32. Qh8+ Qh7 33. Qxf6+ Qg6 34. Qxg6+ Kxg6 35. Rb6 $16) 30... a4 {[#]} 31. e7 $1 {[%mdl 512]} Qxe7 32. Rb8 {Rh8+! would kill now.} Qg7 33. Qh3 $40 {[%mdl 128] Black needs to defend precisely.} a3 $2 {[%mdl 8192] [#]} (33... d5 $1 $14 34. Bxd5 Qd7) 34. bxa3 $1 $18 Kh6 $2 (34... d5 35. Bxd5 Qd7 36. Qxd7+ Rxd7) 35. Rg8 Qd7 36. Rh8+ {White mates.} Kg7 37. Qg2+ Bg5 38. Rg8+ {Precision: White = 85%, Black = 56%.} 1-0

[Event "Top 12 FRA-chT 2017"]
[Site "Chartres"]
[Date "2017.05.26"]
[Round "9"]
[White "Rodshtein, Maxim"]
[Black "Dorfman, Iossif"]
[Result "1-0"]
[WhiteElo "2698"]
[BlackElo "2560"]
[Annotator "TA"]
[PlyCount "75"]
[EventDate "2017.??.??"]
[EventType "team-tourn"]
[EventCountry "FRA"]
[SourceTitle "playchess.com"]
[Source "ChessBase"]
[SourceQuality "1"]
[WhiteTeam "Bischwiller"]
[BlackTeam "Grasse Echecs"]

{[%evp 29,75,98,86,47,42,38,0,45,33,35,87,90,95,0,0,0,-7,-8,0,0,139,135,124,22,249,240,288,286,253,222,214,206,250,181,193,181,156,86,272,229,353,341,4132,4132,1633,1629,29985,29986]} 1. e4 c5 2. Nf3 d6 3. d4 cxd4 4. Nxd4 Nf6 5. Nc3 Nc6 6. Bg5 e6 7. Qd2 a6 8. O-O-O h6 9. Nxc6 bxc6 10. Bf4 d5 11. Be2 {B66: Sicilian: Richter-Rauzer: 7...a6 8 0-0-0 h6} Bb4 12. Qe3 Qa5 (12... O-O 13. e5 Nd7 14. h4 c5 15. Bxh6 gxh6 16. Qxh6 Nxe5 17. Rh3 Bxc3 18. bxc3 Ra7 19. Rg3+ Ng6 20. h5 Qh4 21. Rg4 Qh2 22. Bd3 {1-0 (22) Karjakin,S (2785)-Ivanchuk,V (2747) Doha 2016}) 13. Be5 Bxc3 14. Bxc3 Qxa2 15. Bd3 dxe4 {LiveBook: 6 Games} 16. Bxf6 gxf6 17. Bxe4 Qa1+ 18. Kd2 Qa5+ 19. Ke2 {[%mdl 1024] White has compensation.} Rb8 (19... Qb5+ $14 20. Rd3 Bb7) 20. Qd4 $146 O-O 21. Rd3 (21. Bxc6 e5 $15) ({White should play} 21. Qxf6 $16 Rb4 22. Bd3 (22. Bxc6 Qc5 $11)) 21... Qh5+ $11 22. Ke1 e5 23. Qc5 $132 {[%mdl 2048] Black must now prevent Rg3+. White is fighting back} ({Of course not} 23. Rg3+ Kh8 $17) 23... Be6 (23... Bf5 $5 {[%cal Rf5e4]} 24. g4 Bxg4 $15) 24. h4 $1 {Strongly threatening Rg3+.} Rfd8 (24... Rxb2 $2 25. Rg3+ Bg4 26. f3 $18) (24... Rfe8 $11) 25. f3 $16 {g4 is the strong threat.} f5 {[#]} 26. Qxe5 ({Only move:} 26. Rxd8+ $1 $16 Rxd8 27. Qxe5) 26... Qg6 $2 (26... Re8 $1 $11 {and Black has nothing to worry.} 27. Rh3 Kh7) 27. Rh3 $18 Re8 28. Rg3 fxe4 29. Rxg6+ fxg6 30. fxe4 {And now Qf6 would win.} Bf5 31. Qg3 Bxe4 32. Rd6 Rxb2 {[#]} 33. Kd1 (33. Kf1 $142 $1 Rb1+ 34. Kf2) 33... Rb7 $2 (33... Bxc2+ $16 34. Kc1 Reb8 35. Rxc6 Be4 36. Rxg6+ Kh7 37. Rg7+ (37. Rxh6+ Kxh6 38. Qf4+ Kg6 $16) 37... Kh8 38. Rg8+ Rxg8 39. Qe5+ Rg7 40. Kxb2 Bxg2) 34. h5 Rb1+ (34... a5 $142 35. Rxg6+ (35. hxg6 Rbe7 $18) 35... Bxg6 36. Qxg6+ Kf8 37. Qxh6+ Kg8 38. Qg6+ Kf8 39. Qxc6 Rbe7) 35. Kd2 Rg1 $2 (35... a5 36. Rxg6+ Bxg6 37. Qxg6+ Kf8 38. Qf6+ Kg8 39. Qg6+ (39. Qxc6 Re7 $18) 39... Kf8 40. Qxh6+ Kf7 41. Qg6+ Ke7 42. Qxc6 Rd8+ 43. Ke3 Re8) 36. Rxg6+ Bxg6 37. Qxg6+ Kh8 38. Qxe8+ {Precision: White = 60%, Black = 32%.} 1-0

[Event "Top 12 FRA-chT 2017"]
[Site "Chartres"]
[Date "2017.05.26"]
[Round "9"]
[White "Laznicka, Viktor"]
[Black "Flear, Glenn C"]
[Result "1-0"]
[WhiteElo "2672"]
[BlackElo "2439"]
[Annotator "TA"]
[PlyCount "111"]
[EventDate "2017.??.??"]
[EventType "team-tourn"]
[EventCountry "FRA"]
[SourceTitle "playchess.com"]
[Source "ChessBase"]
[SourceQuality "1"]
[WhiteTeam "Bois-Colombes"]
[BlackTeam "Montpellier"]

{[%evp 10,111,13,-12,-4,-4,-14,-10,0,0,-10,-7,0,0,0,0,0,0,0,0,12,0,13,10,9,10,10,10,16,10,16,0,21,21,21,13,21,19,23,0,0,-9,26,19,82,72,80,80,80,80,80,80,80,72,74,76,68,58,61,65,56,48,78,79,82,2,43,42,43,34,45,52,90,81,89,79,87,93,99,91,108,31,60,61,209,212,328,342,306,314,324,302,733,733,725,730,716,716,708,708,646,646,646,646]} 1. c4 e6 2. Nf3 d5 3. g3 dxc4 4. Qa4+ Bd7 5. Qxc4 c5 6. Ne5 Nc6 {A13: English Opening: 1...e6} 7. Nxd7 Qxd7 8. Bg2 Rc8 {The position is equal.} 9. O-O Nf6 10. Qa4 b6 11. Nc3 Be7 12. d3 O-O 13. Bd2 Rfd8 14. Rfd1 {[#]} Nd4 $146 ({Predecessor:} 14... h6 15. Be1 Ne8 16. Rac1 Nd6 17. Ne4 Nf5 18. Kf1 Rc7 19. Qc2 {½-½ (19) Predojevic,B (2646)-Brkic,A (2588) Zadar 2015}) 15. Qxd7 Rxd7 16. Kf1 g6 17. Rab1 Kg7 18. Rdc1 h5 19. h3 Rdd8 20. Be1 Ne8 21. e3 Nc6 {[%cal Bd4c6,Bc6b4,Bb4d3][%mdl 32]} 22. d4 Nb4 23. dxc5 Rxc5 24. Rd1 {Rxd8 is the strong threat.} Nd3 25. Bd2 f5 (25... Bf6 $5 {[%cal Rd3b2]}) 26. e4 Kf7 (26... Bf6 $11) 27. Be3 $16 Rcc8 28. exf5 gxf5 29. Nb5 Rc2 30. Nxa7 {aiming for Nc6.} Nxb2 31. Rdc1 Rxc1+ 32. Rxc1 {Hoping for Bf3.} Nd3 33. Rd1 (33. Rc3 {is more complex.} Nb4 34. Bf3 Nd5 35. Bxh5+ Kg7 36. Nc6) 33... Nb4 34. Rxd8 Bxd8 35. a4 Nd6 36. Bf3 Kg6 37. Be2 ({White should play} 37. Nc6 $16 Nxc6 38. Bxc6) 37... Ne4 38. Bc4 Nc2 39. Bc1 Nc5 40. Bb5 h4 41. Nc6 $1 {[%cal Rc6d8]} Bf6 42. gxh4 Bxh4 43. Bf4 {And now Bc7 would win.} Na3 44. Ne5+ Kg7 45. Be3 ({Better is} 45. Nd7 $1 $16) 45... Nxb5 46. axb5 $14 {[%mdl 4096] Endgame Strongly threatening Bxc5. KBN-KBN} Be7 ({Black should try} 46... Na4 $14) 47. Nc4 $18 Ne4 (47... Kf8 $142 48. Nxb6 Ke8) 48. Bxb6 Kf7 {intending ...Nc3.} 49. Bd4 Ke8 50. f3 Ng3+ $2 (50... Nc5 51. h4 Nb3) 51. Kf2 {White is clearly winning.} Nh5 52. b6 {[%cal Bb5b6,Bb6b7][%mdl 32]} Bh4+ 53. Kf1 Kd7 {[#]} 54. b7 $1 {[%cal Rb7b8]} Kc7 {[#]} 55. Na5 $1 Bg3 {If only Black now had time for ...Kb8....} 56. Ba7 {Precision: White = 79%, Black = 42%.} 1-0

[Event "Top 12 FRA-chT 2017"]
[Site "Chartres"]
[Date "2017.05.26"]
[Round "9"]
[White "Kuzubov, Yuriy"]
[Black "Ragger, Markus"]
[Result "1/2-1/2"]
[WhiteElo "2637"]
[BlackElo "2680"]
[Annotator "TA"]
[PlyCount "186"]
[EventDate "2017.??.??"]
[EventType "team-tourn"]
[EventCountry "FRA"]
[SourceTitle "playchess.com"]
[Source "ChessBase"]
[SourceQuality "1"]
[WhiteTeam "Grasse Echecs"]
[BlackTeam "Bischwiller"]

{[%evp 20,185,0,-9,0,0,0,-11,22,0,0,0,0,0,-2,-99,-94,-67,-68,-85,-89,-82,-78,-97,-91,-88,-80,-72,-64,-131,-120,-135,-116,-114,-119,-145,-131,-252,-252,-240,-247,-242,-240,-261,-268,-291,-247,-281,-266,-261,-230,-227,-159,-159,-154,-150,-154,-166,-135,-147,-123,-135,-129,-151,-126,-115,0,-108,-107,-114,-106,-122,-122,-130,-107,-110,-107,-175,-111,-172,-162,-166,-154,-156,-152,-153,-152,-152,-152,-159,-157,-178,-178,-178,-153,-225,-162,-181,-166,-166,-156,-156,-150,-191,-200,-196,-192,-198,-219,-214,-98,-118,-73,-115,0,-51,0,-158,-85,-82,0,-279,-279,-279,-279,-279,-279,-279,-279,-279,-279,-279,-279,-279,-279,-279,-279,-279,-279,-279,-279,-279,-279,-279,-279,-279,-279,-279,-279,-279,-279,-279,-279,-279,-279,-279,0,-279,-8,-38,-8,-8,-8,-8,-8,-8,-8,-8]} 1. d4 Nf6 2. c4 g6 3. Nf3 Bg7 4. e3 O-O 5. Be2 c5 6. d5 e6 7. Nc3 d6 8. Nd2 {E61: King's Indian: Early deviations for White, including Smyslov System} (8. O-O Re8 9. e4 exd5 10. exd5 Ne4 11. Nxe4 Rxe4 12. Bd3 Re8 13. Bg5 Bf6 14. Qd2 Nd7 15. Rfe1 Ne5 16. h4 Nxf3+ 17. gxf3 Bd7 18. Rxe8+ Bxe8 19. Qf4 Bxg5 20. hxg5 h6 21. gxh6 Qe7 {½-½ (35) Nakamura,H (2786)-Svidler,P (2755) Moscow 2017}) 8... Re8 9. O-O Na6 10. e4 Nc7 11. a4 {LiveBook: 4 Games} Rb8 $146 ({Predecessor:} 11... b6 12. Re1 a6 13. a5 b5 14. dxe6 Rxe6 15. Nb3 Nxe4 16. Nxe4 Rxe4 17. cxb5 Nxb5 18. Nxc5 Rxe2 19. Rxe2 {0-1 (43) Fedoseev,V (2658)-Shankland,S (2666) Saint Louis 2017}) 12. f3 a6 13. a5 Bd7 14. Kh1 (14. e5 $5) 14... Qe7 15. Nb3 exd5 16. cxd5 Nb5 (16... Bb5 $5) 17. Bg5 (17. Na4 $11 {keeps the balance.}) 17... Nxc3 $17 18. bxc3 Qe5 19. Qd2 {[#]} Nxd5 $1 {[%mdl 512]} 20. Bc4 (20. Qxd5 Qxd5) 20... Nc7 (20... Nxc3 $6 21. Bf4 $11) 21. Rac1 Ne6 22. Bh4 {Bg3 would now be nice for White.} Qh5 23. Bg3 Rbd8 $36 {[%mdl 2048] Black fights for an advantage.} 24. Rfd1 ({White should try} 24. Rcd1 $15) 24... Bc6 25. Bxe6 Rxe6 26. Qf2 Rd7 27. Nd2 d5 {[%cal Rd5e4]} 28. Qxc5 {[#]} (28. e5 $17 {was necessary.}) 28... Bf8 $1 $19 {[%cal Rf8c5]} ({Less strong is} 28... dxe4 29. Qxh5 gxh5 30. Nxe4 $17) 29. Qg1 dxe4 30. Nxe4 {Black should prevent Rxd7.} Rxd1 ({Weaker is} 30... Qxa5 31. Rxd7 Bxd7 32. Qd4 $15) 31. Qxd1 Qxa5 ({Resist} 31... Bxe4 32. fxe4 Qxa5 33. Qd5 $17) 32. Ra1 Qd5 33. Qc1 Qc4 34. Nd2 Qd3 35. Nb3 Bg7 36. Nd4 Bxd4 37. cxd4 Qxd4 38. Ra2 Qf6 39. h4 Qe7 40. Qf4 Kg7 41. Rd2 Qf6 42. Qb4 Qe7 ({Black should play} 42... b5 $17 43. Kh2 Be8) 43. Bd6 (43. Qf4 $1 $11 {was the only way to keep the balance.}) 43... Qe8 44. Kh2 f6 45. Bf4 h6 46. Bg3 Re2 47. Rxe2 Qxe2 48. Qg4 (48. Kg1 $17) 48... Qe8 (48... g5 $19 49. Qf5 b5) 49. Bd6 (49. Qb4 $17) 49... Qd7 50. Qf4 a5 51. Bc5 g5 {[%cal Bg6g5,Bg5h4,Bh4h3][%mdl 32]} 52. Qb8 gxh4 53. Qf8+ Kg6 54. Qg8+ Qg7 55. Qd8 Kh7 56. Bf2 {[#]} h3 $1 {[%csl Gh3][%cal Rg7g2]} 57. g4 (57. Kxh3 $17 {is a better defense.} Qd7+ 58. Qxd7+ Bxd7+ 59. Kg3) (57. gxh3 Qg5) 57... a4 58. Bh4 Kg6 59. Qd3+ Kf7 60. Qc4+ Ke8 61. Qf4 Qe7 62. Kxh3 Qe2 63. Kg3 Qe1+ 64. Kh3 {[#]} Qh1+ (64... Qc3 $1 $19 {...a3 is the strong threat.} 65. Bxf6 Qxf3+ 66. Qxf3 Bxf3) 65. Kg3 $17 Qg1+ 66. Kh3 Qh1+ (66... h5 $17 {( -> ...hxg4+)} 67. Bxf6 hxg4+ 68. fxg4 Qh1+ 69. Kg3 Qe1+ 70. Qf2 Qe4) 67. Kg3 $15 Qe1+ (67... Qa1 $15 68. Bxf6 Qg1+ 69. Kh3 Qh1+ 70. Kg3 Qe1+ 71. Kg2 Qe6) 68. Kh3 $17 Qe5 (68... Qc3 $142 69. Bxf6 Qxf3+ 70. Qxf3 Bxf3) 69. Qxh6 Bxf3 (69... Qe6 $17 70. Qh8+ Ke7 71. Qh7+ Kd8 72. Qh8+ Kc7 73. Qh7+ Qd7) 70. Qxf6 $2 {[%mdl 8192]} (70. Qh8+ $11 Kf7 71. Qh7+ Ke8 72. Qg8+ Ke7 73. Qg7+ Ke8 74. Qg8+ Ke7 75. Qg7+ Ke6 76. Qg8+ Kd7 77. Qh7+ Kc8 78. Qg8+ Kd7 79. Qh7+ Ke8 80. Qg8+) 70... Qxf6 $19 71. Bxf6 $17 {[%mdl 4096] Endgame KB-KB} Kf7 72. g5 Ke6 73. Kg3 Be4 74. Kf4 Kd5 75. Ke3 b5 76. Kd2 Kc4 77. Kc1 Kb3 78. Be7 Bg6 79. Bd6 a3 80. Be7 b4 81. Bd6 Kc3 82. Be7 Kc4 83. Bd6 Kb5 84. Be7 Ka4 85. Bd6 Kb3 86. Be7 Bc2 87. Bd6 Bg6 88. Be7 $1 Bf7 $2 ({Better is} 88... Be4 $19 89. g6 Bxg6) 89. Bd6 Ka4 {[#] Hoping for ...Bg6.} 90. Bxb4 $1 {[%mdl 512] The position is equal.} Kxb4 91. Kb1 Kb3 92. g6 Bxg6+ 93. Ka1 a2 $2 {[%mdl 8192] Precision: White = 49%, Black = 64%.} (93... Bf7) 1/2-1/2

[Event "Top 12 FRA-chT 2017"]
[Site "Chartres"]
[Date "2017.05.26"]
[Round "9"]
[White "Milov, Vadim"]
[Black "Rozentalis, Eduardas"]
[Result "0-1"]
[WhiteElo "2604"]
[BlackElo "2535"]
[Annotator "TA"]
[PlyCount "52"]
[EventDate "2017.??.??"]
[EventType "team-tourn"]
[EventCountry "FRA"]
[SourceTitle "playchess.com"]
[Source "ChessBase"]
[SourceQuality "1"]
[WhiteTeam "Tremblay-En-France"]
[BlackTeam "Strasbourg"]

{[%evp 15,52,-64,-58,-67,-73,-86,-87,-91,-86,-153,-153,-164,-164,-164,-179,-368,-393,-393,-382,-393,-379,-399,-401,-399,-386,-488,-377,-373,-379,-397,-401,-397,-408,-378,-393,-418,-412,-695,-676]} 1. c4 e6 2. Nc3 b6 3. e4 Bb7 4. Nf3 Bb4 5. Bd3 Ne7 6. O-O O-O 7. Bc2 f5 {A10: English Opening: Unusual Replies for Black} 8. e5 Bxf3 $1 {LiveBook: 4 Games} 9. Qxf3 Nbc6 {Black is slightly better.} 10. Qg3 Ng6 11. f4 d6 12. Ba4 {[#]} (12. exd6 $142 Bxd6 13. Ba4) 12... Nd4 $1 $17 {Strongly threatening ...Bxc3.} 13. Kh1 $146 ({Predecessor:} 13. Bd1 dxe5 14. fxe5 f4 15. Qh3 {0-1 (24) Iatros,A (1682)-David,A (2572) Paleochora 2016}) 13... dxe5 14. fxe5 f4 {[%cal Bf5f4,Bf4f3][%mdl 32]} 15. Qe1 $2 (15. Qh3) 15... f3 $19 {White must now prevent ...fxg2+.} 16. g3 Qg5 17. a3 Be7 18. d3 Qh5 19. Be3 Rad8 20. Nd5 exd5 21. Bxd4 c5 {[%cal Bc7c5,Bc5d4][%mdl 32]} 22. cxd5 {With the idea Bc3.} cxd4 23. d6 Qh3 {[%csl Gf3][%cal Rh3g2] [#]} 24. Rf2 Bg5 25. Bb3+ Kh8 {Threatens to win with ...Be3.} 26. Qe4 (26. e6 $142 Rxd6 27. Qe4) 26... Be3 {Precision: White = 55%, Black = 100%.} 0-1

[Event "Top 12 FRA-chT 2017"]
[Site "Chartres"]
[Date "2017.05.26"]
[Round "9"]
[White "Stevic, Hrvoje"]
[Black "Godard, Maxence"]
[Result "1-0"]
[WhiteElo "2600"]
[BlackElo "2329"]
[Annotator "TA"]
[PlyCount "65"]
[EventDate "2017.??.??"]
[EventType "team-tourn"]
[EventCountry "FRA"]
[SourceTitle "playchess.com"]
[Source "ChessBase"]
[SourceQuality "1"]
[WhiteTeam "Nice Alekhine"]
[BlackTeam "Lisieux"]

{[%evp 9,65,16,23,20,34,34,37,34,31,31,33,24,29,26,33,30,62,39,110,41,103,66,78,52,65,52,72,56,54,35,117,106,103,114,112,106,112,134,134,93,241,126,133,120,139,102,125,93,126,131,91,118,452,452,29996,29997,29997,29998]} 1. e4 e6 2. d4 d5 3. Nd2 Be7 4. e5 c5 5. c3 Nc6 6. Bd3 {C03: French Tarrasch: Unusual Black 3rd moves} Nh6 (6... h5 7. Ndf3 Bd7 8. Ne2 cxd4 9. cxd4 Nb4 10. Bb1 Bb5 11. O-O Rc8 12. Re1 g5 13. Nc3 Ba6 {1-0 (46) Blomqvist,E (2546)-Eljanov,P (2755) Malmo 2017}) 7. Ndf3 Nf5 {[%cal Rc5d4]} 8. Ne2 {White is slightly better.} cxd4 9. cxd4 Bd7 10. Bd2 Qb6 11. Bc3 Nb4 $146 ({Predecessor:} 11... a5 12. O-O a4 13. Rc1 Nb4 14. Bb1 {0-1 (52) Carstens Dobuchak,T (2040)-Cruz,W (2250) Caioba 2016}) 12. Bb1 a5 13. O-O h5 (13... Bb5 $14) 14. Qd2 ({White should try} 14. a3 $16 Na6 15. Bxf5 exf5 16. Nf4) 14... Qd8 (14... Nh4 $14) 15. a3 $16 Nc6 16. Nf4 (16. Bxf5 $5 exf5 17. b4 $16) 16... g6 $1 17. Bxf5 gxf5 18. a4 Nb4 19. h4 b5 (19... Bxh4 $14 20. Bxb4 axb4) 20. axb5 $1 Bxb5 21. Rfc1 Nc6 22. b3 Bxh4 23. Nxh4 Qxh4 24. Bxa5 {And now Rc5 would win.} Kd7 {[#]} (24... O-O $16) 25. Bb6 (25. Rc5 $1 $18 {[%cal Rc5b5]} Rhb8 26. Bc3 (26. g3 Qg4 $11) 26... Rxa1+ 27. Bxa1) 25... Rhb8 {[#] ...Rxa1 is the strong threat.} 26. Bc5 $1 Qg4 27. Bd6 Rg8 28. Qe3 h4 29. Kh2 Rxa1 30. Rxa1 Bd3 $2 {[%mdl 8192]} (30... Re8 $16 31. Kg1 (31. Rc1 Ra8 $14) 31... Rc8) 31. Qc1 $18 {White wants to mate with Ra7+!} ({Not} 31. Rc1 Bb5 $16) 31... Be4 {[#]} (31... Qg5 $18 32. Bb4 Be4) 32. Ra7+ $1 {[%mdl 512]} Kd8 {[#]} (32... Nxa7 33. Qc7+) 33. Be7+ $1 {[%mdl 512] Precision: White = 68%, Black = 31%.} 1-0

[Event "Top 12 FRA-chT 2017"]
[Site "Chartres"]
[Date "2017.05.26"]
[Round "9"]
[White "Neiksans, Arturs"]
[Black "Fressinet, Laurent"]
[Result "1/2-1/2"]
[WhiteElo "2599"]
[BlackElo "2668"]
[Annotator "TA"]
[PlyCount "48"]
[EventDate "2017.??.??"]
[EventType "team-tourn"]
[EventCountry "FRA"]
[SourceTitle "playchess.com"]
[Source "ChessBase"]
[SourceQuality "1"]
[WhiteTeam "Saint Quentin"]
[BlackTeam "Clichy"]

{[%evp 17,48,2,2,15,14,8,45,5,27,0,0,-7,0,-1,-5,-32,-33,-64,-68,-61,-16,-20,-29,-26,-18,-24,-32,-10,-8,-16,0,0,0]} 1. c4 c6 2. Nf3 d5 3. g3 g6 4. Qa4 d4 (4... dxc4 5. Qxc4 Bg7 6. d4 Be6 7. Qa4 Bd5 8. Nbd2 Nf6 9. Qc2 Qa5 10. Bg2 c5 11. O-O cxd4 12. Qc8+ {½-½ (88) Yu,Y (2750)-Ding,L (2759) Shenzhen 2017}) 5. Bg2 Bg7 6. O-O {A11: English Opening: 1...c6} e5 7. d3 Ne7 8. Nbd2 O-O 9. b4 Nd7 {LiveBook: 6 Games} 10. Rb1 b6 11. Qc2 Bb7 $146 ({Predecessor:} 11... Qc7 12. Ne4 Nf6 13. Nxf6+ Bxf6 {½-½ (42) Pavlovic,M (2471)-Kritz,L (2544) Biel 2005}) 12. Nb3 Qc7 13. e3 dxe3 14. Bxe3 Nf5 15. Bd2 Rfe8 16. Rfe1 c5 17. b5 Nd6 18. Bc3 e4 19. Nfd2 exd3 20. Qxd3 Bxc3 21. Qxc3 Bxg2 22. Kxg2 Qb7+ {The position is equal.} 23. Kg1 Nf5 24. Nf3 h5 {Precision: White = 50%, Black = 56%.} 1/2-1/2